000 01469cam a2200229 4500
001 L129312
008 050411n2005 000 0 eng u
035 _a(Sirsi) u129312
041 _aeng
050 _a692.8
_c18
110 _aUnited Kingdom
_bDepartment of Trade and Industry
245 _aImproving payment practices in the construction industry
_bconsultation on proposals to amend Part II of the Housing Grants Construction and Regeneration Act 1996 and Scheme for Construction Contracts (England and Wales) Regulations 1998
260 _aLondon
_bDTI
_c2005
520 _aConsultation proposals originate from Sir Michael Latham's recent review of the operation of the Housing Grants, Construction and Regeneration Act 1996 Part II and the Scheme for Construction Contracts (England and Wales) Regulations 1998. The consultation which is a joint exercise between the DTI and Welsh Assembly Government is intended to build a general consensus on the way forward. The closing date is 21 June 2005.
590 _aIKA150405
650 _aHOUSING GRANTS, CONSTRUCTION AND REGENERATION ACT 1996 PART II
650 _aSCHEME FOR CONSTRUCTION CONTRACTS (ENGLAND AND WALES) REGULATIONS 1998
690 _aBUILT ENVIRONMENT-CONSTRUCTION MANAGEMENT-BUILDING CONTRACT ADMINISTRATION
710 _aWales
_bWelsh Assembly Government
856 _uwww.dti.gov.uk/consultations/consultation-1478.html
_zView the item free of charge at www.dti.gov.uk...
942 _n0
999 _c104144
_d104144